000 01550nam a22002057a 4500
003 MN-UlNLM
005 20220921175537.0
008 210224t2020 mp ||||| ||b| ||| 0|mon
040 _aМонгол Улсын Үндэсний номын сан
084 _2NNA
_a91.9:83
_bЛ 696
_q9
245 1 _aЛодонгийн Түдэв
_bСанамж өгөх ном зүй 1960-2019
_cЭмхэт. Х.Ундрах
_cХян. Д.Энхтунгалаг
260 1 _aУБ
_bСоёмбо принтинг
_c2020
300 _a100х
546 _aMongolia
653 _aЛавлах хэвлэл
_aНом зүй
740 _aЛодонгийн Түдэв.
_aБие даасан зохиол, бүтээлүүд.
_aГадаад хэл дээр хэвлэгдсэн бүтээлүүд.
_aМУЗ-ын дээжис 108 ботид орсон бүтээлийн жагсаалт.
_aХянаж засварласан ба хамтран оролцсон бүтээлүүд.
_aНом товхимолд нийтлэгдсэн зохиол, бүтээлүүд /монгол/.
_aНом товхимолд нийтлэгдсэн зохиол, бүтээлүүд /гадаад/.
_aТогтмол хэвлэлд нийтлэгдсэн зохиол, бүтээлүүд /монгол/.
_aТогтмол хэвлэлд нийтлэгдсэн зохиол, бүтээлүүд /гадаад/.
_aХэлсэн үг.
_aЗохиолчийн тухай.
_aХүний нэрсийн хэлхээс.
_aАшигласан материал.
856 _aprintbook
942 _cBK
999 _c587175
_d587232